I Seminario IEEE

সংরক্ষণ করুন:
গ্রন্থ-পঞ্জীর বিবরন
সংস্থা লেখক: Universidad de Concepción (Author)
বিন্যাস: গ্রন্থ
ভাষা:স্প্যানিশ
প্রকাশিত: Concepción Mónica Andina Alegría 1988
বিষয়গুলি:
ট্যাগগুলো: ট্যাগ যুক্ত করুন
কোনো ট্যাগ নেই, প্রথমজন হিসাবে ট্যাগ করুন!

MARC

LEADER 00000nam a2200000 a 4500
001 UCV6153
003 CL-VaPUC
005 20220315074409.0
008 890519e19880000cl 1 spa d
082 0 4 |a 629.9  |b UNI  |2 21 
110 2 |a Universidad de Concepción  |e author  |9 616589 
245 1 0 |a I Seminario IEEE 
246 1 0 |a VII Seminario A.C.C.A 
260 |a Concepción  |b Mónica Andina Alegría  |c 1988 
300 |a 115 p 
583 |a last modification  |c 19890519 00:00:00  |k Rodrigo Vera 
650 0 0 |a Convertidores de corriente eléctrica  |9 260727 
650 0 0 |a Control automático  |9 259890 
650 0 0 |a Congresos  |9 257560 
942 |c BK 
945 |d 19890519 00:00:00 
546 |a En Español 
518 |p Seminario IEEE, 1, Concepción, 1988 
518 |p Seminario A.C.C.A., 7, Concepción, 1988 
999 |c 382021  |d 382019 
952 |0 0  |1 0  |4 0  |6 629_900000000000000_UNI_1988  |7 0  |8 A  |9 503462  |a BIBING  |b BIBING  |d 2020-01-23  |i 2609703  |o 629.9 UNI 1988  |p 2609703  |r 2025-01-20  |w 2020-01-23  |y BK  |k EIE